000 00307nam a2200133Ia 4500
008 100328s9999 xx 000 0 und d
082 _b608
100 _aHolt Henery
245 _aWanted For Murder
260 _bBook Club
630 _aWanted For Murder
730 _aWanted For Murder
942 _cBOOK
999 _c496939
_d496936